General Topology (Record no. 58080)

MARC details
000 -LEADER
fixed length control field 00399cam a22001574a 4500
020 ## - INTERNATIONAL STANDARD BOOK NUMBER
ISBN 0486434796 (pbk.)
082 00 - DEWEY DECIMAL CLASSIFICATION NUMBER
Classification number 514
100 1# - MAIN ENTRY--AUTHOR NAME
Personal name Willard, Stephen
245 10 - TITLE STATEMENT
Title General Topology
260 ## - PUBLICATION, DISTRIBUTION, ETC. (IMPRINT)
Place of publication Mineola, N.Y. :
Name of publisher Dover Publications,
Year of publication 2016.
300 ## - PHYSICAL DESCRIPTION
Number of Pages xii, 369 p. :
Other physical details ill. ;
650 #0 - SUBJECT ADDED ENTRY--TOPICAL TERM
Topical Term Topology.
856 42 - ELECTRONIC LOCATION AND ACCESS
Uniform Resource Identifier http://10.10.170.122:8080/browse/book/22964
942 ## - ADDED ENTRY ELEMENTS (KOHA)
Koha item type Books
040 ## - CATALOGING SOURCE
Transcribing agency DLC
Holdings
Withdrawn status Lost status Home library Current library Date acquired Cost, normal purchase price Full call number Accession Number Koha item type
    Central Library, QUEST, Nawabshah Central Library, QUEST, Nawabshah 30/10/2017 8170.00 621.38220151DAM 56942 Books
    Central Library, QUEST, Nawabshah Central Library, QUEST, Nawabshah 17/11/2020 4078.00 513.03WIL 58245 Books